Statystyki dla Kierowcy F1 2014

Kliknij tutaj aby rozwiązać quiz!

Ogólne statystyki

  • Ten quiz został rozwiązany 55 razy
  • Średni wynik to 17 z 25

Statystyki odpowiedzi

ZespółKierowca% Poprawnych
Mercedes AMG Petronas F1 TeamLewis Hamilton
100%
Infiniti Red Bull RacingSebastian Vettel
100%
Scuderia FerrariFernando Alonso
96%
Nico Rosberg
96%
Williams Martini RacingFelipe Massa
94%
Kimi Raikkonen
94%
Daniel Ricciardo
91%
Lotus F1 TeamRomain Grosjean
91%
Valtteri Bottas
89%
Sahara Force India F1 TeamSergio Perez
83%
McLaren MercedesJenson Button
81%
Nico Hulkenberg
72%
Kevin Magnussen
70%
Pastor Maldonado
68%
Daniil Kvyat
66%
Marussia F1 TeamJules Bianchi
64%
Marcus Ericsson
60%
Caterham F1 TeamKamui Kobayashi
55%
Sauber F1 TeamAdrian Sutil
47%
Scuderia Toro RossoJean-Eric Vergne
47%
Esteban Gutierrez
43%
Max Chilton
38%
Will Stevens
30%
Andre Lotterer
21%
Alexander Rossi
17%

Rozkład punktacji

Percentyl według liczby udzielonych odpowiedzi

Procent ludzi z każdym wynikiem

Twoja historia wyników

Nie rozwiązałeś tego quizu